000 01294nam a22002657a 4500
005 20080820102532.0
008 080820t xxu||||| |||| 00| f hin d
010 _aHIN-83989
020 _a818742592x
_c65.00
035 _aHN-56335
037 _aDBAD / PUB
040 _aDPL
_bHN
082 _a
100 _aवैसिल्युस्का, वान्दा
245 _aइन्द्रधनुषः
_cवान्दा वैसिल्युस्का ;शमशेर बहादुर सिंह द्वारा अनुदित
_b(उपन्यास) /
246 _aIndradhanusa
_bby Vanda Vassilyuska
260 _aलखनऊ
_bपरिकल्पना प्रकाशन
_c2006
270 _aजनचेतना, डी-68, निरालानगर
_bलखनऊ
_e226020
300 _a220पृ
_c22सेमी (अजिल्द)
650 _aहिन्दी कथा साहित्य
650 _aHindi fiction
700 _aशमशेर बहादुर सिंह
942 _2ddc
_cHN
_k
_mवैसिक्यु
999 _c14930
_d14930